Margiťany - celkový pohľad

Zobrazenie: Pohľad obec zhora v pozadí na vršku je kostol pod zalesnenými vrchmi

Bibliographic Details
Format: Photo
Language:Slovak
German
PhysicalDescription:1 pohľadnica kolorovaná 9 x 14 cm
Published: [Slovensko?] [vydavateľ neznámy] [1930?]
Subjects:

MARC

LEADER 00000nkm a2200000 a 4500
001 vtls011970689
003 SK-MaSNL
005 20260301225658.0
007 kf co
008 230706q1930 xo g 00 kuslo
015 |a SNBG1930 
035 |a urn:nbn:sk:snk-km00eg5r 
035 |a urn:nbn:sk:snk-km43cuw 
035 |a CEBA9106-AE88-4E00-BEB0-8AD57C305425 
040 |a SNK  |b slo  |c SNK  |e AACR2 
041 0 |a slo  |a ger 
043 |a e-xo--- 
044 |a xo  |c SK 
072 7 |a 913  |x Regionálna geografia  |2 konspekt 
080 |a 913(437.6)  |2 2011 
080 |a (084.121)  |2 2011 
245 0 0 |a Margiťany - celkový pohľad  |h grafika 
246 3 1 |a Margiťany - Totalansicht 
260 |a [Slovensko?]  |b [vydavateľ neznámy]  |c [1930?] 
300 |a 1 pohľadnica  |b kolorovaná  |c 9 x 14 cm 
500 |a Názvové údaje prevzaté z obrazovej časti pohľadnice 
520 8 |a Zobrazenie: Pohľad obec zhora v pozadí na vršku je kostol pod zalesnenými vrchmi 
546 |a Súbežný podnázov v nemčine 
651 7 |a Margecany (Slovensko)  |2 SNKPHgeo  |9 43538 
655 7 |a miestne pohľadnice  |2 SNKPH  |9 70510 
852 |a Slovenská národná knižnica 
958 |a GBN 
958 |a GC 
958 |a ONDV 
999 |c 951813  |d 953743 
952 |a SNK  |b SNK  |y PREZ  |7 0  |p 17A1378549  |o snkSP 108802  |z Pohľadnica prešla poštou.  |0 0  |1 0  |4 0  |d 2020-06-01  |f 1  |l 0  |r 2026-02-24 09:51:36  |w 2026-02-24